<?xml version="1.0" encoding="UTF-8"?>
<collection xmlns="http://www.loc.gov/MARC21/slim">
    <record>
        <controlfield tag="001">66358</controlfield>
        <controlfield tag="005">20180223094520.0</controlfield>
        <datafield tag="037" ind1=" " ind2=" ">
            <subfield code="a">GDOC-2016-26739</subfield>
        </datafield>
        <datafield tag="041" ind1=" " ind2=" ">
            <subfield code="a">spa</subfield>
        </datafield>
        <datafield tag="100" ind1=" " ind2=" ">
            <subfield code="0">(orcid)0000-0002-0409-4791</subfield>
            <subfield code="1">121721</subfield>
            <subfield code="a">Bueno Lozano, María Gloria</subfield>
        </datafield>
        <datafield tag="245" ind1="0" ind2="0">
            <subfield code="9">26739</subfield>
            <subfield code="a">Enfermedades raras en el niño</subfield>
        </datafield>
        <datafield tag="260" ind1=" " ind2=" ">
            <subfield code="a">Zaragoza</subfield>
            <subfield code="b">Universidad de Zaragoza</subfield>
            <subfield code="c">2016-2017</subfield>
        </datafield>
        <datafield tag="520" ind1=" " ind2=" ">
            <subfield code="a">Breve presentación de la asignatura

Las enfermedades raras son actualmente un grupo importante de patologías que por su condición de poco frecuentes requieren un abordaje multidisciplinar tanto a nivel médico como socio-sanitario.
Dada su baja frecuencia, es habitual que tanto los profesionales médicos como los profesionales del área socio-sanitaria carezcan de la experiencia necesaria para su correcto abordaje, su manejo y, si está disponible, su tratamiento.
Es por ello por lo que las autoridades sanitarias correspondientes, tanto a nivel autonómico, nacional y europeo hayan abordado el problema de una forma global para avanzar en su conocimiento y terapeútica, así como para instaurar recursos específicos para investigar en todos los aspectos relacionados con ellas (médico, sanitario, social, etc…)
Todo lo mencionado anteriormente, junto con la necesidad una atención médica básica a los pacientes afectados, hace que esté justificada la inclusión de este tema en los planes de estudios del Grado de Medicina.
PROGRAMA DE LA ASIGNATURA
Lecciones teóricas
Lección 1         Introducción y Generalidades            
Lección 2         Síndrome de Turner               
Lección 3         Síndromes por microdeleción             
Lección 4         Síndrome X Frágil                                          
Lección 5         Síndrome de Noonan: Rasopatías
Lección 6         Displasias óseas: Acondroplasia                   
Lección 7         Errores Innatos del Metabolismo (EIM)
Lección 8         Atrofia Muscular Espinal 1 (Enf. Werdnig-Hoffmann)
Lección 9         Síndrome de Prader-Willi                               
Lección 10       Síndrome de Cornelia de Lange
Lección 11       Distrofia Miotónica (Enf. Steinert)
Lección 12       Enfermedades Mitocondriales       
 
CASOS CLINICOS:
Cada una de las enfermedades o grupo de enfermedades incluidas en el Programa teórico irá seguida de la exposición y discusión de caso clínico real. En algunos de ellos contaremos con la colaboración presencial de los progenitores de un paciente afectado.</subfield>
            <subfield code="b"> </subfield>
        </datafield>
        <datafield tag="521" ind1=" " ind2=" ">
            <subfield code="9">118</subfield>
            <subfield code="a">Medicina</subfield>
        </datafield>
        <datafield tag="540" ind1=" " ind2=" ">
            <subfield code="a">by-nc-sa</subfield>
            <subfield code="b">Creative Commons</subfield>
            <subfield code="c">3.0</subfield>
            <subfield code="u">http://creativecommons.org/licenses/by-nc-sa/3.0/</subfield>
        </datafield>
        <datafield tag="700" ind1=" " ind2=" ">
            <subfield code="0">(orcid)0000-0002-7985-9912</subfield>
            <subfield code="1">321782</subfield>
            <subfield code="a">Rodríguez Martínez, Gerardo</subfield>
        </datafield>
        <datafield tag="700" ind1=" " ind2=" ">
            <subfield code="0">(orcid)0000-0002-5732-2209</subfield>
            <subfield code="1">385520</subfield>
            <subfield code="a">Ramos Fuentes, Feliciano Jesús</subfield>
        </datafield>
        <datafield tag="700" ind1=" " ind2=" ">
            <subfield code="0">(orcid)0000-0003-2223-2577</subfield>
            <subfield code="1">387180</subfield>
            <subfield code="a">Bueno Martínez, Inés</subfield>
        </datafield>
        <datafield tag="700" ind1=" " ind2=" ">
            <subfield code="0">(orcid)0000-0001-5492-3191</subfield>
            <subfield code="1">387247</subfield>
            <subfield code="a">Samper Villagrasa, María Pilar</subfield>
        </datafield>
        <datafield tag="830" ind1=" " ind2=" ">
            <subfield code="9">304</subfield>
        </datafield>
        <datafield tag="856" ind1="4" ind2=" ">
            <subfield code="s">15433</subfield>
            <subfield code="u">http://zaguan.unizar.es/record/66358/files/guia-26739-es.pdf</subfield>
            <subfield code="y">Guía (idioma español)</subfield>
        </datafield>
        <datafield tag="856" ind1="4" ind2=" ">
            <subfield code="s">9740</subfield>
            <subfield code="u">http://zaguan.unizar.es/record/66358/files/guia-26739-en.pdf</subfield>
            <subfield code="y">Guide (english)</subfield>
        </datafield>
        <datafield tag="970" ind1=" " ind2=" ">
            <subfield code="a">GDOC-2016-26739</subfield>
        </datafield>
        <datafield tag="980" ind1=" " ind2=" ">
            <subfield code="a">GDOC</subfield>
            <subfield code="b">Ciencias de la salud</subfield>
            <subfield code="c">104</subfield>
        </datafield>
    </record>

    
</collection>